[Event "Titled Tue 26th Aug Early"]
[Site "chess.com INT"]
[Date "2025.08.26"]
[Round "2"]
[White "Niemann, Hans Moke"]
[Black "Fellowes, Billy"]
[Result "1-0"]
[WhiteTitle "GM"]
[BlackTitle "CM"]
[WhiteElo "2736"]
[BlackElo "2122"]
[WhiteFideId "2093596"]
[BlackFideId "483540"]
[EventDate "2025.08.26"]

1. e4 Nc6 2. Nf3 d6 3. d4 Nf6 4. Nc3 Bg4 5. Be3 e5 6. d5 Ne7 7. h3 Bd7 8. a4 g6
9. g4 Bg7 10. Qd2 O-O 11. O-O-O c6 12. g5 Ne8 13. Bc4 cxd5 14. Nxd5 Nxd5 15.
Bxd5 Bxa4 16. Kb1 Rc8 17. Ne1 Bc6 18. h4 Bxd5 19. Qxd5 Rc6 20. h5 Nc7 21. Qb3
Ne6 22. hxg6 hxg6 23. Nd3 Nd4 24. Bxd4 exd4 25. Nb4 Rb6 26. Qh3 Re8 27. Nd5 d3
28. c3 Qxg5 29. f4 Qd8 30. Qxd3 Ra6 31. Nb4 Rb6 32. Rh2 Qe7 33. Nd5 Qxe4 34.
Qxe4 Rxe4 35. Nxb6 axb6 36. Rxd6 Rxf4 37. Rxb6 Rf1+ 38. Ka2 g5 39. Rxb7 g4 40.
Rb8+ Bf8 41. Rh5 f5 42. Rb5 1-0

[Event "Titled Tue 26th Aug Early"]
[Site "chess.com INT"]
[Date "2025.08.26"]
[Round "2"]
[White "Hovakimyan, Vache"]
[Black "Sindarov, Javokhir"]
[Result "0-1"]
[WhiteTitle "FM"]
[BlackTitle "GM"]
[WhiteElo "2270"]
[BlackElo "2722"]
[WhiteFideId "13317288"]
[BlackFideId "14205483"]
[EventDate "2025.08.26"]

1. c4 Nf6 2. Nc3 g6 3. g3 Bg7 4. Bg2 c5 5. e4 Nc6 6. Nge2 d6 7. d3 Bg4 8. h3
Bxe2 9. Nxe2 O-O 10. O-O Rb8 11. a4 a6 12. Nc3 Nd7 13. Be3 Nd4 14. Rb1 e6 15.
Ne2 Nxe2+ 16. Qxe2 b5 17. axb5 axb5 18. cxb5 Rxb5 19. d4 Qb8 20. dxc5 Nxc5 21.
Rfd1 Na4 22. Qc2 Nxb2 23. Rd2 Nc4 24. Rxb5 Qxb5 25. Bf1 Nxe3 26. Bxb5 Nxc2 27.
Rxc2 Rb8 28. Be2 Bd4 29. Kg2 Kg7 30. h4 h6 31. Rd2 Bc5 32. Rc2 Kf6 33. Bf3 Ke5
34. Re2 Rb4 35. Rc2 f5 36. exf5 gxf5 37. Re2+ Kf6 38. Bc6 e5 39. Bd5 e4 40. f3
Ke5 41. fxe4 fxe4 42. Ba8 d5 43. g4 Be7 44. Rd2 Rb5 45. Kg3 Rb3+ 46. Kg2 d4 0-1

[Event "Titled Tue 26th Aug Early"]
[Site "chess.com INT"]
[Date "2025.08.26"]
[Round "2"]
[White "Thet Naung"]
[Black "Paichadze, Luka"]
[Result "1-0"]
[WhiteTitle "FM"]
[BlackTitle "GM"]
[WhiteElo "2267"]
[BlackElo "2520"]
[WhiteFideId "13004093"]
[BlackFideId "13602934"]
[EventDate "2025.08.26"]

1. d4 Nf6 2. Nf3 e6 3. Bg5 c5 4. c3 b6 5. Nbd2 Bb7 6. e3 Be7 7. a4 Nc6 8. Be2
O-O 9. O-O d6 10. h3 e5 11. dxe5 dxe5 12. e4 h6 13. Bxf6 Bxf6 14. Qc2 Qc7 15.
Rfd1 Rad8 16. Nc4 g6 17. Ne3 Ne7 18. Rxd8 Rxd8 19. Rd1 Rxd1+ 20. Bxd1 Qc6 21.
Nd2 Bg5 22. Nec4 Qc7 23. Be2 Kg7 24. Nf1 Nc8 25. Nfe3 Bxe3 26. Nxe3 Nd6 27. f3
c4 28. Qd2 Qc5 29. Kh2 Bc6 30. Bd1 h5 31. h4 Bd7 32. Nd5 Be6 33. Ne3 Nb7 34. Bc2
Qc6 35. g3 Nc5 36. Qd8 Nd7 37. Qe7 Qc5 38. Qxc5 Nxc5 39. Kg2 Kf6 40. Kf2 Ke7 41.
Ke2 Kd6 42. Kd2 Kc6 43. Bd1 Kb7 44. Kc1 Ka6 45. Be2 Nb3+ 46. Kc2 Kb7 47. Nxc4
Nc5 48. Nxe5 Nxa4 49. b4 a5 50. Bb5 axb4 51. Bxa4 bxc3 1-0

[Event "Titled Tue 26th Aug Early"]
[Site "chess.com INT"]
[Date "2025.08.26"]
[Round "2"]
[White "Fiskaaen, Martin Holten"]
[Black "Bongo Akanga Ndjila, Barthelemy"]
[Result "1-0"]
[WhiteTitle "FM"]
[BlackTitle "CM"]
[WhiteElo "2341"]
[BlackElo "1847"]
[WhiteFideId "1550233"]
[BlackFideId "10609431"]
[EventDate "2025.08.26"]

1. Nf3 d5 2. d4 Nf6 3. Bf4 Bf5 4. c4 e6 5. Nc3 Bd6 6. Bxd6 Qxd6 7. c5 Qd8 8. e3
O-O 9. b4 b6 10. Bd3 Ne4 11. Qc2 bxc5 12. bxc5 Nc6 13. Rb1 Rb8 14. Nxe4 Nb4 15.
Rxb4 Rxb4 16. Nc3 Bxd3 17. Qxd3 c6 18. O-O Qa5 19. Ne5 Rc8 20. Rc1 f6 21. Nf3
Qa3 22. Qd2 Rc4 23. g3 Rb8 24. Kg2 Rb2 25. Qe1 g5 26. h3 h5 27. g4 f5 28. Ne5
Rcb4 29. Nd3 fxg4 30. hxg4 h4 31. Nxb4 Qxb4 32. Rb1 1-0

[Event "Titled Tue 26th Aug Early"]
[Site "chess.com INT"]
[Date "2025.08.26"]
[Round "2"]
[White "Liang, Awonder"]
[Black "Deveci, Huseyin Said"]
[Result "1-0"]
[WhiteTitle "GM"]
[BlackTitle "CM"]
[WhiteElo "2696"]
[BlackElo "2056"]
[WhiteFideId "2056437"]
[BlackFideId "26322455"]
[EventDate "2025.08.26"]

1. b3 e5 2. Bb2 Nc6 3. e3 d5 4. d3 Bd6 5. Nd2 Nf6 6. a3 O-O 7. g3 a5 8. Bg2 a4
9. b4 Bg4 10. Ne2 Re8 11. h3 Be6 12. c4 dxc4 13. Nxc4 Qd7 14. b5 Na5 15. Nc3
Bxc4 16. dxc4 Nxc4 17. Bxb7 Nxb2 18. Qe2 e4 19. Qxb2 Rab8 20. Ba6 Be5 21. Rd1
Qe6 22. Qc2 Qc4 23. Rc1 Rbd8 24. Nxa4 Qe6 25. Nc5 Qf5 26. Bb7 h5 27. Nxe4 h4 28.
g4 Qe6 29. Nc5 Qb6 30. Bc6 Re7 31. Kf1 Bd6 32. a4 Qa6 33. Nxa6 1-0

[Event "Titled Tue 26th Aug Early"]
[Site "chess.com INT"]
[Date "2025.08.26"]
[Round "2"]
[White "Berikkyzy Alanna"]
[Black "Gubajdullin, Alexei"]
[Result "0-1"]
[WhiteTitle "WFM"]
[BlackTitle "FM"]
[WhiteElo "2162"]
[BlackElo "2228"]
[WhiteFideId "13780719"]
[BlackFideId "4141202"]
[EventDate "2025.08.26"]

1. e4 c5 2. Nf3 d6 3. d4 cxd4 4. Nxd4 Nf6 5. Nc3 g6 6. f3 Bg7 7. Bc4 h5 8. O-O
a6 9. a4 O-O 10. Be3 b6 11. Qd2 Bb7 12. Rfe1 Nbd7 13. Rad1 h4 14. h3 Nh5 15. Bg5
Bf6 16. Bxf6 exf6 17. Nb3 Ne5 18. Bf1 Kg7 19. f4 Nc6 20. f5 g5 21. Qxd6 Qxd6 22.
Rxd6 Rfd8 23. Red1 Rxd6 24. Rxd6 Kf8 25. Be2 Nf4 26. Rxf6 Rd8 27. Bxa6 Ba8 28.
Bb5 Ne5 29. Rxb6 g4 30. hxg4 Nxg4 31. Bc6 Bxc6 32. Rxc6 Ne3 33. a5 Nfxg2 34. a6
Ra8 35. Nc5 h3 36. Kh2 Nf4 37. Nd5 Ng4+ 38. Kh1 Ne2 0-1

[Event "Titled Tue 26th Aug Early"]
[Site "chess.com INT"]
[Date "2025.08.26"]
[Round "2"]
[White "Ono, David"]
[Black "Federer, Colin"]
[Result "1-0"]
[BlackTitle "FM"]
[WhiteElo "2110"]
[BlackElo "2294"]
[WhiteFideId "146943"]
[BlackFideId "1345117"]
[EventDate "2025.08.26"]

1. c4 Nf6 2. g3 g6 3. Bg2 Bg7 4. Nc3 O-O 5. e3 e5 6. Nge2 c6 7. O-O d5 8. d4
exd4 9. Nxd4 dxc4 10. a4 Nbd7 11. Qe2 Ne5 12. b3 cxb3 13. Ba3 Re8 14. Rfd1 Qc7
15. Nxb3 Bg4 16. f3 Be6 17. Nc5 Bc4 18. Qc2 b6 19. N5e4 c5 20. Rac1 Rad8 21.
Nxf6+ Bxf6 22. Ne4 Bg7 23. Bb2 Be6 24. f4 Ng4 25. Bxg7 Kxg7 26. Qb2+ Kg8 27. h3
f5 28. hxg4 fxe4 29. g5 Bg4 30. Rd2 Rxd2 31. Qxd2 Rd8 32. Qc2 Rd3 33. Qc4+ Kg7
34. Qxe4 Bf5 35. Qe8 Qf7 36. Qe5+ Kg8 37. a5 Rd2 38. axb6 axb6 39. Ra1 Ra2 40.
Rxa2 Qxa2 41. Bd5+ Kf8 42. Bxa2 1-0

[Event "Titled Tue 26th Aug Early"]
[Site "chess.com INT"]
[Date "2025.08.26"]
[Round "2"]
[White "Gavarrete, Nahun"]
[Black "Shangin, Lev"]
[Result "0-1"]
[WhiteTitle "FM"]
[WhiteElo "2281"]
[BlackElo "2186"]
[WhiteFideId "8400709"]
[BlackFideId "55681085"]
[EventDate "2025.08.26"]

1. e4 c5 2. Nc3 Nc6 3. g3 g6 4. Bg2 Bg7 5. Nge2 d6 6. O-O e6 7. d3 Nge7 8. Be3
O-O 9. d4 cxd4 10. Nxd4 a6 11. Qd2 Qc7 12. Rad1 Rd8 13. Qe2 Rb8 14. Kh1 b5 15.
a3 Bb7 16. f4 Rbc8 17. g4 Nxd4 18. Bxd4 e5 19. fxe5 dxe5 20. Be3 Qc4 21. Qxc4
bxc4 22. Bg5 Rxd1 23. Rxd1 Nc6 24. Rd7 Ba8 25. Nd5 Bf8 26. c3 Rb8 27. Bc1 Nd8
28. Nc7 Bc6 29. Rd1 a5 30. Nd5 Ne6 31. Nf6+ Kg7 32. Nd7 Rd8 33. Bf3 Rxd7 34. Re1
Bc5 35. Kg2 Nf4+ 36. Bxf4 exf4 37. Kh3 Rd2 38. Rb1 Be3 39. b3 cxb3 40. Rxb3 Rf2
41. Bg2 h5 42. gxh5 Bd7+ 43. Kh4 Rxg2 44. h6+ Kxh6 45. h3 Bf2# 0-1

[Event "Titled Tue 26th Aug Early"]
[Site "chess.com INT"]
[Date "2025.08.26"]
[Round "2"]
[White "Ocampos, Ian"]
[Black "Lacan Rus, David"]
[Result "0-1"]
[BlackTitle "FM"]
[WhiteElo "2195"]
[BlackElo "2364"]
[WhiteFideId "117544"]
[BlackFideId "651023075"]
[EventDate "2025.08.26"]

1. e4 d6 2. d4 Nf6 3. Nc3 e5 4. Nge2 Be7 5. h3 h5 6. g3 c6 7. Bg2 b5 8. a3 Nbd7
9. Be3 Qc7 10. O-O Nb6 11. f4 Nc4 12. Bc1 exd4 13. Nxd4 Bd7 14. b3 Nb6 15. Nf5
Bxf5 16. exf5 d5 17. Re1 O-O 18. Bb2 Rad8 19. Qf3 Rfe8 20. g4 hxg4 21. hxg4 Bc5+
22. Kh1 d4 23. Ne4 Nxe4 24. Rxe4 Rxe4 25. Qxe4 Nd5 26. Rf1 Ne3 27. f6 Nxf1 28.
Bxf1 Qd6 29. fxg7 Qd5 30. Bg2 Qxe4 31. Bxe4 Rd6 32. Kg2 Kxg7 33. Kf3 f6 34. Ke2
Bb6 35. b4 a5 36. c3 dxc3 37. Bxc3 axb4 38. axb4 Bd4 39. Bd2 c5 40. bxc5 Bxc5
41. Bc3 Bd4 42. Bb4 Ra6 43. Kd3 Bf2 44. Bc3 Ra3 45. g5 b4 46. gxf6+ Kf8 47. Ke2
bxc3 48. Kxf2 c2 0-1

[Event "Titled Tue 26th Aug Early"]
[Site "chess.com INT"]
[Date "2025.08.26"]
[Round "2"]
[White "Estrada Nieto, Julian"]
[Black "Subervi, Jonathan Sigfredo"]
[Result "1-0"]
[WhiteTitle "IM"]
[BlackTitle "FM"]
[WhiteElo "2182"]
[BlackElo "2007"]
[WhiteFideId "5101018"]
[BlackFideId "6400345"]
[EventDate "2025.08.26"]

1. e4 e6 2. d4 d5 3. Nd2 Nf6 4. e5 Nfd7 5. Bd3 c5 6. c3 Nc6 7. Ne2 cxd4 8. cxd4
f6 9. exf6 Nxf6 10. Nf3 Bd6 11. O-O O-O 12. Bf4 Nh5 13. Bxd6 Qxd6 14. Bb5 Rxf3
15. Bxc6 bxc6 16. gxf3 Ba6 17. Re1 Rf8 18. Ng3 Nf4 19. Re5 g6 20. Qa4 Bb5 21.
Qxa7 h5 22. h4 Rf7 23. Qa8+ Kg7 24. a4 Rf8 25. Qa7+ Rf7 26. Qc5 Qxc5 27. dxc5
Ba6 28. Rae1 Kf6 29. b4 Nd3 30. Rxe6+ Kg7 31. Rxc6 Nxe1 32. Rxa6 Nxf3+ 33. Kf1
d4 34. Rd6 Rf4 35. c6 Nxh4 36. c7 Rf8 37. Rd8 1-0

[Event "Titled Tue 26th Aug Early"]
[Site "chess.com INT"]
[Date "2025.08.26"]
[Round "2"]
[White "Mamedov, Edgar"]
[Black "Tomb, Maroun"]
[Result "1-0"]
[WhiteTitle "GM"]
[BlackTitle "CM"]
[WhiteElo "2490"]
[BlackElo "2090"]
[WhiteFideId "13739980"]
[BlackFideId "5300398"]
[EventDate "2025.08.26"]

1. d4 d6 2. Nf3 Nf6 3. c4 Nbd7 4. Nc3 e5 5. e4 Be7 6. Be2 c6 7. O-O O-O 8. h3 a5
9. Be3 a4 10. Qc2 Qa5 11. Rfd1 exd4 12. Nxd4 Nc5 13. Rab1 Re8 14. b4 axb3 15.
axb3 Na6 16. Ra1 Qc7 17. Qd2 Bd7 18. Bf4 Nc5 19. Bf3 Rxa1 20. Rxa1 Qb6 21. Rb1
Bf8 22. Qc2 Ncxe4 23. Nxe4 Nxe4 24. Be3 d5 25. Ne6 Qa5 26. Nxf8 Kxf8 27. cxd5
cxd5 28. Rd1 Bc6 29. Bd4 Qc7 30. Qc1 h6 31. Re1 Kg8 32. b4 Qd7 33. Bg4 f5 34.
Bh5 Re6 35. Be2 Rg6 36. Qf4 Kh7 37. Bh5 Rg5 38. Bf3 Rg6 39. h4 Re6 40. Qxf5+ Kg8
41. Bg4 Re7 42. Qg6 Qd6 43. Qxd6 Nxd6 44. Rxe7 1-0

[Event "Titled Tue 26th Aug Early"]
[Site "chess.com INT"]
[Date "2025.08.26"]
[Round "2"]
[White "Kalyani Sirin"]
[Black "Tallada Serret, Gerard"]
[Result "1-0"]
[WhiteTitle "WFM"]
[BlackTitle "CM"]
[WhiteElo "2162"]
[BlackElo "2091"]
[WhiteFideId "33323500"]
[BlackFideId "54764190"]
[EventDate "2025.08.26"]

1. e4 e5 2. Nf3 Nf6 3. Nc3 Nc6 4. a4 Bc5 5. Nxe5 Nxe5 6. d4 Bd6 7. f4 Nc6 8. e5
Bb4 9. exf6 Qxf6 10. Be3 O-O 11. Qd2 Bxc3 12. Qxc3 Re8 13. O-O-O d5 14. Bb5 Bd7
15. h3 a6 16. Bxc6 Bxc6 17. a5 b6 18. Rhe1 bxa5 19. Qxa5 Bb5 20. g4 Rac8 21. f5
Qb6 22. Qd2 a5 23. g5 a4 24. g6 hxg6 25. fxg6 Qxg6 26. Rg1 Qh7 27. Rg5 Bc4 28.
Rdg1 g6 29. Bf4 Re2 30. Qc3 Qh4 31. Be5 c5 32. Qf3 Qh7 33. Qf6 Rxe5 34. dxe5 d4
35. Rxg6+ fxg6 36. Rxg6+ Qxg6 37. Qxg6+ Kh8 38. Qh5+ Kg7 39. Qg4+ 1-0

[Event "Titled Tue 26th Aug Early"]
[Site "chess.com INT"]
[Date "2025.08.26"]
[Round "2"]
[White "Zouaghi, Amir"]
[Black "Ejsymont, Blanka"]
[Result "0-1"]
[WhiteTitle "FM"]
[BlackTitle "WCM"]
[WhiteElo "2301"]
[BlackElo "2071"]
[WhiteFideId "249262"]
[BlackFideId "21088268"]
[EventDate "2025.08.26"]

1. d4 d5 2. c4 e6 3. Nf3 c6 4. g3 Nf6 5. Bg2 dxc4 6. O-O Be7 7. Qc2 b5 8. a4 Nd5
9. Nc3 b4 10. Ne4 Ba6 11. Rd1 O-O 12. Ned2 b3 13. Qb1 Nd7 14. e4 Nb4 15. Ne1 Qc7
16. Bf1 c5 17. Ndf3 cxd4 18. Nxd4 Nc5 19. Nb5 Bxb5 20. axb5 Ncd3 21. Nxd3 cxd3
22. Bxd3 Rfd8 23. Bf4 e5 24. Be3 Nc2 25. Qc1 Qb7 26. Bxc2 bxc2 27. Qxc2 Qxb5 28.
Rxd8+ Rxd8 29. Rxa7 Bf6 30. h4 h6 31. Kg2 Rb8 32. Qc7 Qb3 33. Bc5 Re8 34. Rb7
Qc4 35. Qc6 Re6 36. Qc8+ Kh7 0-1

[Event "Titled Tue 26th Aug Early"]
[Site "chess.com INT"]
[Date "2025.08.26"]
[Round "2"]
[White "Aghasiyev, Kamal"]
[Black "Shimanov, Aleksandr"]
[Result "1-0"]
[WhiteTitle "IM"]
[BlackTitle "GM"]
[WhiteElo "2441"]
[BlackElo "2578"]
[WhiteFideId "13402854"]
[BlackFideId "4198603"]
[EventDate "2025.08.26"]

1. e4 e6 2. d4 d5 3. exd5 exd5 4. Nf3 Nc6 5. Bb5 a6 6. Bxc6+ bxc6 7. O-O Bd6 8.
Re1+ Ne7 9. c4 dxc4 10. Qc2 O-O 11. Qxc4 Be6 12. Qc2 Bd5 13. Ne5 f6 14. Nc4 Qd7
15. Nxd6 cxd6 16. Nc3 Rfe8 17. Bf4 Rab8 18. h3 Bf7 19. Ne4 Nf5 20. Qd2 Re7 21.
Nc5 Qd8 22. Nxa6 Rb6 23. Nb4 Rxe1+ 24. Rxe1 Nxd4 25. Qxd4 c5 26. Qd2 cxb4 27. b3
h6 28. Qd4 d5 29. Rc1 Re6 30. Rc7 Re4 31. Qd2 Qe8 32. Qc2 Kh7 33. f3 Bg6 34.
fxe4 Bxe4 35. Qf2 Kh8 36. Bxh6 1-0

[Event "Titled Tue 26th Aug Early"]
[Site "chess.com INT"]
[Date "2025.08.26"]
[Round "2"]
[White "Beznosov, Timofey"]
[Black "Dubnevych, Maksym"]
[Result "0-1"]
[WhiteTitle "CM"]
[BlackTitle "FM"]
[WhiteElo "2131"]
[BlackElo "2296"]
[WhiteFideId "34497951"]
[BlackFideId "14184001"]
[EventDate "2025.08.26"]

1. e4 e5 2. Nf3 Nc6 3. Bc4 Nf6 4. d3 Be7 5. h3 O-O 6. O-O d6 7. Bg5 h6 8. Bxf6
Bxf6 9. Nc3 g6 10. a3 Bg7 11. Nd5 Be6 12. c3 Kh7 13. d4 Qd7 14. dxe5 Nxe5 15.
Nxe5 dxe5 16. Ne3 Rad8 17. Qxd7 Bxd7 18. Rad1 f5 19. Rd2 f4 20. Nd5 f3 21. Rfd1
Ba4 22. b3 Bc6 23. Nxc7 Rxd2 24. Rxd2 fxg2 25. Bd5 Rf3 26. Bxc6 bxc6 27. Ne6 Bf6
28. Rc2 Rxh3 29. Kxg2 Rd3 30. Nc5 Rd1 31. Kf3 h5 32. Ke2 Ra1 33. a4 h4 34. Kf3
Rg1 35. Re2 h3 36. Rd2 h2 37. Rd7+ Kh6 38. Rd1 h1=Q+ 39. Ke3 Rxd1 0-1

[Event "Titled Tue 26th Aug Early"]
[Site "chess.com INT"]
[Date "2025.08.26"]
[Round "2"]
[White "Guliev, Gasan"]
[Black "Ambartsumian, Tyhran"]
[Result "0-1"]
[WhiteTitle "CM"]
[BlackTitle "CM"]
[WhiteElo "2123"]
[BlackElo "2244"]
[WhiteFideId "34165638"]
[BlackFideId "34161112"]
[EventDate "2025.08.26"]

1. Nf3 Nf6 2. b3 g6 3. Bb2 Bg7 4. e3 O-O 5. d4 c5 6. dxc5 Qa5+ 7. Nbd2 Ne4 8.
Bxg7 Kxg7 9. Bd3 Nxc5 10. O-O Nxd3 11. cxd3 Nc6 12. Qc2 d6 13. Qb2+ Kg8 14. h3
Bd7 15. Rac1 Nb4 16. Qd4 Rac8 17. Nc4 Qa6 18. a3 Nc6 19. Qb2 Be6 20. b4 Qb5 21.
Nd4 Nxd4 22. Qxd4 b6 23. f4 Qd5 24. Qxd5 Bxd5 25. e4 Bb7 26. Kf2 d5 27. Nd2 dxe4
28. dxe4 Ba6 29. Rfd1 Rfd8 30. Rxc8 Rxc8 31. Nf3 Bb5 32. Nd4 Ba4 33. Rd2 Rc3 34.
Ne2 Rxa3 35. Rd8+ Kg7 36. Ra8 Bc6 37. Rc8 Bxe4 38. Rc7 Ra2 39. Ke3 Bxg2 40. Rxe7
Bxh3 41. Nd4 Ra3+ 42. Kd2 h5 43. Rc7 Bg4 44. Nb5 h4 45. Nxa3 h3 46. Rc1 Bf3 47.
Ke3 Ba8 0-1

[Event "Titled Tue 26th Aug Early"]
[Site "chess.com INT"]
[Date "2025.08.26"]
[Round "2"]
[White "Bogdanov, Artyom"]
[Black "Naroditsky, Daniel"]
[Result "0-1"]
[WhiteTitle "FM"]
[BlackTitle "GM"]
[WhiteElo "2383"]
[BlackElo "2619"]
[WhiteFideId "13749200"]
[BlackFideId "2026961"]
[EventDate "2025.08.26"]

1. Nf3 Nf6 2. d4 g6 3. c3 Bg7 4. Bf4 O-O 5. Nbd2 d6 6. e4 b6 7. Bc4 Bb7 8. Qc2
Nc6 9. O-O e6 10. h3 Qe7 11. a4 a6 12. Rfe1 e5 13. Be3 Rad8 14. Bf1 exd4 15.
cxd4 Nb4 16. Qb3 a5 17. Bg5 h6 18. Bh4 g5 19. Bg3 Nh5 20. Bh2 Rfe8 21. Rac1 Rc8
22. e5 Qe6 23. exd6 Qxb3 24. Nxb3 cxd6 25. Bxd6 Rxe1 26. Rxe1 Bd5 27. Nbd2 Nf4
28. Bxf4 gxf4 29. b3 Nc6 30. Bc4 Rd8 31. Bxd5 Rxd5 32. Nc4 Nxd4 33. Nxd4 Bxd4
34. Kf1 Bc5 35. Ke2 f3+ 36. gxf3 Rh5 37. Rh1 Kg7 38. f4 Kf6 39. Kf3 Rd5 40. Ke4
Rd4+ 41. Kf3 Rd3+ 42. Ke4 Rxb3 43. Ne5 Rb4+ 44. Kd5 Rxf4 45. Nd7+ Kf5 46. Nxc5
bxc5 47. Kxc5 Rxa4 48. Rg1 Rf4 49. Rg7 Kf6 50. Rh7 Kg6 51. Rh8 Rxf2 52. Kb5 Rf5+
53. Ka4 Rh5 54. Rg8+ Kf5 55. Rf8 f6 0-1

[Event "Titled Tue 26th Aug Early"]
[Site "chess.com INT"]
[Date "2025.08.26"]
[Round "2"]
[White "Korchynskyi, Mykola"]
[Black "Turcsanyi, Vince Gergo"]
[Result "1-0"]
[WhiteTitle "FM"]
[BlackTitle "FM"]
[WhiteElo "2359"]
[BlackElo "2297"]
[WhiteFideId "34138005"]
[BlackFideId "791784"]
[EventDate "2025.08.26"]

1. d4 Nf6 2. c4 c5 3. e3 cxd4 4. exd4 d5 5. Nc3 Nc6 6. Nf3 Bg4 7. cxd5 Nxd5 8.
Bc4 Nxc3 9. bxc3 e6 10. O-O Be7 11. h3 Bxf3 12. Qxf3 O-O 13. Rb1 Rc8 14. Bd3 Qd7
15. Rd1 Rfd8 16. Be3 g6 17. c4 Na5 18. d5 Nxc4 19. Bxc4 Rxc4 20. d6 Bxd6 21.
Rxb7 Rc7 22. Rb3 Bh2+ 23. Kxh2 Qxd1 24. Qf6 Qd6+ 25. Bf4 Qe7 26. Qe5 Rc5 27. Qe3
Rf5 28. Bg3 Qd7 29. Ra3 Qd4 30. Qe2 Rc5 31. Rxa7 Rc3 32. Rb7 Qd5 33. Ra7 Rd3 34.
Qg4 Rd4 35. Qe2 Rd2 36. Qa6 1-0

[Event "Titled Tue 26th Aug Early"]
[Site "chess.com INT"]
[Date "2025.08.26"]
[Round "2"]
[White "Megalios, Konstantinos"]
[Black "Imomkuzieva, Nilufarkhon"]
[Result "1-0"]
[WhiteTitle "IM"]
[BlackTitle "WFM"]
[WhiteElo "2383"]
[BlackElo "2105"]
[WhiteFideId "4238044"]
[BlackFideId "14216736"]
[EventDate "2025.08.26"]

1. c4 e6 2. g3 Nf6 3. Bg2 d5 4. Nf3 c5 5. d3 dxc4 6. Qa4+ Nc6 7. Ne5 Qa5+ 8.
Qxa5 Nxa5 9. Nxc4 Nxc4 10. dxc4 Bd6 11. Nc3 a6 12. Be3 Rb8 13. O-O-O Be7 14. Bf4
Ra8 15. Na4 Nd7 16. Rd2 Ra7 17. Rhd1 b5 18. cxb5 axb5 19. Nc3 b4 20. Nb5 Rxa2
21. Kb1 b3 22. Bc6 Bf6 23. Nd6+ Ke7 24. Nc4 Bd4 25. Bd6+ Kf6 26. e3 Ne5 27. Rxd4
Nxc6 28. Bxc5 Nxd4 29. Bxd4+ Kg6 30. Ne5+ Kh6 31. Nxf7+ Kh5 32. g4+ Kh4 33. Nxh8
e5 34. Bxe5 Bxg4 35. Bg3+ Kh3 36. Rd5 Ra8 37. Nf7 Be6 38. Ng5+ Kg2 39. Nxe6 1-0

[Event "Titled Tue 26th Aug Early"]
[Site "chess.com INT"]
[Date "2025.08.26"]
[Round "2"]
[White "Terkiewicz, Bruno"]
[Black "Mikhailovsky, Vladimir"]
[Result "0-1"]
[WhiteTitle "CM"]
[BlackTitle "CM"]
[WhiteElo "2128"]
[BlackElo "2215"]
[WhiteFideId "21093245"]
[BlackFideId "34105414"]
[EventDate "2025.08.26"]

1. e4 c5 2. Nf3 Nc6 3. b4 cxb4 4. d4 d5 5. exd5 Qxd5 6. c4 bxc3 7. Nxc3 Qa5 8.
Rb1 e6 9. Bd2 Bb4 10. Rxb4 Qxb4 11. d5 Nd4 12. Nxd4 Qxd4 13. Bb5+ Kf8 14. O-O
Nf6 15. Qc1 Bd7 16. Qa3+ Kg8 17. Bxd7 Nxd7 18. dxe6 fxe6 19. Rd1 Nf8 20. Be3 Qf6
21. Ne4 Qg6 22. f3 h6 23. Qe7 Qf7 24. Qd6 Kh7 25. Rc1 Qd7 26. Qg3 Rc8 27. Rxc8
Qxc8 28. Bd4 Ng6 29. h4 Qc1+ 30. Kh2 Qf4 31. h5 Qxg3+ 32. Kxg3 Ne7 33. Kf4 Nc6
34. Bc3 e5+ 35. Ke3 Rd8 36. g4 Rd1 37. Ng3 b5 38. Nf5 b4 39. Bb2 Rb1 0-1

[Event "Titled Tue 26th Aug Early"]
[Site "chess.com INT"]
[Date "2025.08.26"]
[Round "2"]
[White "Maghsoodloo, Parham"]
[Black "Khumalo, Keith"]
[Result "1-0"]
[WhiteTitle "GM"]
[BlackTitle "CM"]
[WhiteElo "2695"]
[BlackElo "2167"]
[WhiteFideId "12539929"]
[BlackFideId "14319470"]
[EventDate "2025.08.26"]

1. d4 Nf6 2. c4 e6 3. Nf3 c5 4. d5 exd5 5. cxd5 d6 6. Nc3 a6 7. a4 g6 8. Nd2 Bg7
9. e4 O-O 10. Be2 Ne8 11. O-O Nd7 12. a5 Rb8 13. Nc4 Ne5 14. Nb6 Nc7 15. Be3 f5
16. f4 Nf7 17. exf5 Bxf5 18. g4 Bd7 19. g5 Re8 20. Bf2 Bh3 21. Re1 Nxg5 22. fxg5
Qxg5+ 23. Bg3 Re3 24. Bf3 Rf8 25. Ne4 Bd4 26. Qxd4 Qxg3+ 27. hxg3 cxd4 28. Rxe3
dxe3 29. Bg2 Bf5 30. Nxd6 Bd3 31. Nd7 Rf2 32. Nc5 Be2 33. Nde4 Rf5 34. Nc3 Bc4
35. d6 Rxc5 36. b4 1-0

[Event "Titled Tue 26th Aug Early"]
[Site "chess.com INT"]
[Date "2025.08.26"]
[Round "2"]
[White "Rossi, Maximiliano"]
[Black "Buscar, Michael"]
[Result "0-1"]
[WhiteElo "2013"]
[BlackElo "2015"]
[WhiteFideId "113425"]
[BlackFideId "2603616"]
[EventDate "2025.08.26"]

1. e4 c5 2. Nf3 Nc6 3. Bb5 Nf6 4. Nc3 g6 5. O-O Bg7 6. Re1 O-O 7. e5 Ne8 8. Bxc6
dxc6 9. d3 Nc7 10. Bg5 Ne6 11. Bh4 Nd4 12. h3 Qc7 13. Ne4 b6 14. c3 Nxf3+ 15.
Qxf3 Bxe5 16. d4 cxd4 17. cxd4 Bxd4 18. Rad1 Bxb2 19. Ng5 Bf6 20. Bg3 Qb7 21. h4
c5 22. Ne4 Bd4 23. Qf4 Bf5 24. h5 Rad8 25. hxg6 Bxg6 26. Qh4 Bg7 27. Ng5 Rd4 28.
Rxd4 cxd4 29. Nf3 Bf6 30. Qh2 Rd8 31. Be5 Qc6 32. Bxf6 Qxf6 33. Qe5 Qxe5 34.
Nxe5 e6 35. Nf3 d3 36. Nd2 Rc8 37. Re3 Rc2 38. Nf3 d2 0-1

[Event "Titled Tue 26th Aug Early"]
[Site "chess.com INT"]
[Date "2025.08.26"]
[Round "2"]
[White "Cave, Iwan"]
[Black "Shevchenko, Yaroslav"]
[Result "0-1"]
[WhiteElo "2136"]
[BlackElo "2134"]
[WhiteFideId "495948"]
[BlackFideId "34144684"]
[EventDate "2025.08.26"]

1. c4 e6 2. Nc3 d5 3. d4 Nf6 4. Nf3 c5 5. cxd5 cxd4 6. Qxd4 exd5 7. g3 Nc6 8.
Qa4 d4 9. Nb1 Bg4 10. Bg2 Qd7 11. O-O Be7 12. Rd1 Rd8 13. Nbd2 d3 14. exd3 O-O
15. Nc4 Nd4 16. Qxd7 Nxd7 17. Nxd4 Bxd1 18. Nf5 Bf6 19. Be3 Be2 20. Bxb7 Bxd3
21. Nfd6 Ne5 22. Nxe5 Bxe5 23. Nc8 Rxc8 24. Bxc8 Rxc8 25. Rd1 Be2 26. Rd2 Bf3
27. Rd7 h5 28. h3 a5 29. b3 Rc2 30. a3 Ra2 31. Rd8+ Kh7 32. Rc8 Ra1+ 33. Rc1
Rxa3 34. Bd2 Bd4 35. Be1 Bb2 36. Rb1 Bd4 37. b4 a4 38. b5 Bb6 39. Bb4 Rb3 40.
Rxb3 axb3 41. Bc3 Be2 42. Kg2 Bxb5 43. f4 Bc6+ 44. Kf1 Kg6 45. g4 h4 46. Ke2 Bg2
47. f5+ Kh7 0-1